| 000 | 00976cab a2200241 4500 | ||
|---|---|---|---|
| 001 | ABS57788 | ||
| 008 | 090401t1997 xxu||||| |||| 00| 0 eng d | ||
| 035 | _a(Sirsi) u81818 | ||
| 041 | _aeng | ||
| 245 | _aR v Royal Borough of Kensington and Chelsea, ex p. Lawrie Plantation Services Ltd | ||
| 260 | _c1997 | ||
| 350 | _a0 | ||
| 490 |
_aProperty, planning & compensation reports _v[1997] 74 P&CR 270-279(10) |
||
| 520 | _aQBD 28 February 1997. The applicant applied for judicial review to quash the breach of condition notices issued by the respondent following the applicant`s use of the flats as temporary sleeping accommodation. It was proposed that the notices be quashed - application granted. Leave to appeal to the CA granted. | ||
| 650 | _aBREACH OF CONDITION | ||
| 650 | _aEMPLOYEES | ||
| 650 | _aFLAT CONVERSIONS | ||
| 650 | _aPLANNING PERMISSION | ||
| 650 | _aTEMPORARY ACCOMMODATION | ||
| 690 | _aLAW-CASE LAW | ||
| 942 | _n0 | ||
| 948 | _c30/10/1997 | ||
| 999 |
_c51592 _d51592 |
||